| 000 | 00595nam a2200217 a 4500 | ||
|---|---|---|---|
| 999 |
_c8077 _d8077 |
||
| 001 | 8077 | ||
| 003 | BD-JhCC | ||
| 005 | 20180218120803.0 | ||
| 008 | 180218s1963 b |||| || | 001 0 eng d | ||
| 035 | _a(BD-JhCC)8077 | ||
| 040 |
_aBD-JhCC _dBD-JhCC |
||
| 041 | _aeng | ||
| 082 |
_a309.15491 _bSOC 1963 |
||
| 245 | _aSociology and Social Research in Pakistan / | ||
| 260 |
_aDacca : _bThe Pakistan Sociological Association, _c1963. |
||
| 300 |
_a140 _c24 cm. |
||
| 650 |
_aSocial Science _xResearch _zPakistan |
||
| 700 | _aMd. Afsaruddin M. A.(Editor) | ||
| 942 |
_2ddc _cBK |
||